| 000 | 00785nam a2200217 a 4500 | ||
|---|---|---|---|
| 008 | 951213s1983||||[C 0 slo c | ||
| 020 |
_c18 Kčs. _q(18000 výtl.) |
||
| 040 |
_aSNK _bslo _cSNK _eAACR2 |
||
| 041 | 1 |
_aslo _hrus |
|
| 044 |
_axo _cSK |
||
| 080 | _a323(47)"1911/1912"(081) | ||
| 100 | 1 |
_aLenin, Vladimir Iľjič _4aut |
|
| 245 | 1 | 0 |
_aZobrané spisy. /Zv./ 21 _bDecember 1911-júl 1912 _cVladimir Iľjič Lenin ; Dana Kopčoková, Oto Takáč |
| 250 | _a2., vyd. | ||
| 260 |
_aBratislava _bPravda _c1983 _eBratislava _fPravda |
||
| 300 |
_a789 s., 35,24 AH _c21 cm |
||
| 500 | _aLit. 74. Životopis. údaje. Reg. men. a lit. prác a prameňov. Pozn. Faksim. rkp. 74 zázn. v slov. a ruš. | ||
| 700 | 1 |
_aKopčoková, Dana _4trl |
|
| 700 | 1 |
_aTakáč, Oto _4bkd |
|
| 958 | _aA | ||
| 999 |
_c15442 _d15442 |
||